Almanya'da Türk kültürü (Record no. 10154)

MARC details
000 -BAŞLIK
Sabit Uzunlukta Kontrol Alanı 01310na a2200361 4500
001 - KONTROL NUMARASI
Denetim Alanı 13212
003 - KONTROL NUMARASI IDENTIFIER
Denetim Alanı MIRAKIL
005 - SON İŞLEM TARİHİ VE ZAMANI
Denetim Alanı 20181213155309.0
008 - SABİT-BOY VERİ ELEMANLARI - GENEL BİLGİLER
Sabit Uzunlukta Kontrol Alanı 160908b tu 000 0
020 ## - ULUSLARARASI STANDART KİTAP NUMARASI
Uluslararası Standart Kitap Numarası 9786053992523
035 ## - SİSTEM KONTROL NUMARASI
Sistem Kontrol Numarası 13212
040 ## - KATALOGLAMA KAYNAK
Orijinal Kataloglama Ajansı Milas
Kataloglama Dili tur
Metne Dönüştürmek Ajansı TR-AnCHP
082 ## - DEWEY ONLU SINIFLANDIRMA NUMARASI
Sınıflandırma Numarası 303.482
Ürün Numarası K84a 2012
090 ## - SINIFLAMA NUMARASI
Sınıflama Numarası 303.482 K84a 2012
100 ## - ANA GİRİŞ - KİŞİSEL İSİM
Kişisel Ad Kula, Onur Bilge
245 ## - BAŞLIK TABLOSU
Başlık Almanya'da Türk kültürü
Başlığın Kalan çok kültürlülük ve kültürlerarası eğitim
Sorumluluk Tablosu, Vb Onur Bilge Kula ; çev. Aytekin Keskin
246 ## - UNVAN FORM VARYING
Başlık Doğru / Kısa Başlığı Çok kültürlülük ve kültürlerarası eğitim
260 ## - YAYIN, DAĞITIM, VB
Yayın, Dağıtım, Vb Yeri İstanbul
Yayıncı, Dağıtıcı, Vs Adı İstanbul Bilgi Üniversitesi Yayınları
Yayın, Dağıtım, Vb Tarihi 2012
300 ## - FİZİKSEL TANIM
Kapsam VII, 380 s.
Diğer Fiziksel Ayrıntıları fotoğ
Boyutlar 23 sm.
490 ## - SERİSİ TABLOSU
Seri Beyanı Göç Çalışmaları
Hacim / Ardışık Tanımı 14
490 ## - SERİSİ TABLOSU
Seri Beyanı İstanbul Bilgi Üniversitesi yayınları
Hacim / Ardışık Tanımı 395
504 ## - KAYNAKÇA VB NOT
Kaynakça Vb Notu Kaynakça(ss.353-374) ve dizin var
650 ## - KONU KATMA GİRİŞ - TOPİKAL DÖNEM
Topikal Süreli Veya Coğrafi Ad Giriş Elemanı Türkler
Genel Alt Bölümü Sosyal bütünleşme
Coğrafi Alt Bölümü Almanya
650 ## - KONU KATMA GİRİŞ - TOPİKAL DÖNEM
Topikal Süreli Veya Coğrafi Ad Giriş Elemanı Çokkültürlü eğitim
Coğrafi Alt Bölümü Avrupa
650 ## - KONU KATMA GİRİŞ - TOPİKAL DÖNEM
Topikal Süreli Veya Coğrafi Ad Giriş Elemanı Kültürlerarası eğitim
Coğrafi Alt Bölümü Almanya
650 ## - KONU KATMA GİRİŞ - TOPİKAL DÖNEM
Topikal Süreli Veya Coğrafi Ad Giriş Elemanı Çokkültürlülük
Coğrafi Alt Bölümü Almanya
650 ## - KONU KATMA GİRİŞ - TOPİKAL DÖNEM
Topikal Süreli Veya Coğrafi Ad Giriş Elemanı Türkler
Kronolojik Alt Bölümü Sosyal koşullar
Coğrafi Alt Bölümü Almanya
650 ## - KONU KATMA GİRİŞ - TOPİKAL DÖNEM
Topikal Süreli Veya Coğrafi Ad Giriş Elemanı Çokkültürlülük
Coğrafi Alt Bölümü Almanya
651 ## - KONU KATMA GİRİŞ - COĞRAFİ ADI
Coğrafi İsim Almanya
Genel Alt Bölümü Kültür politikası
651 ## - KONU KATMA GİRİŞ - COĞRAFİ ADI
Coğrafi İsim Almanya
Genel Alt Bölümü Göç alma ve göç verme
Kronolojik Alt Bölümü Sosyal yönler
700 ## - KATMA GİRİŞ - KİŞİSEL İSİM
Kişisel Ad Keskin, Aytekin
942 ## - EKLENDİ GİRİŞ ELEMANLARI (KOHA)
Sınıflandırma Veya Raf Düzeni Kaynak
Koha Öğesi Türü Books
999 ## - SİSTEM KONTROL NUMARALARI (KOHA)
Koha Biblionumber 10154
Koha Biblioitemnumber 10154
Holdings
Kalıcı Konum Mevcut Konum Edinme Tarihi Edinim Kaynak Toplam Check-Out'Lar Tam Çağrı Numarası Barkod Tarih Son Görülme İtibaren Geçerli Fiyatlar Koha Öğesi Türü Sigara Kamu Notu
CHP Kütüphanesi CHP Kütüphanesi 08/10/2016 Bağış   303.482 K84a 2012 000909 08/10/2016 08/10/2016 Books  
CHP Kütüphanesi CHP Kütüphanesi 02/08/2019 Bağış   303.482 K84a 2012 018824 02/08/2019 02/08/2019 Books Kemal Kılıçdaroğlu bağışıdır.